|
|
|
|
| LEADER |
00629cam a2200193ua 4500 |
| 020 |
|
|
|a 0-07-085008-9
|
| 082 |
|
|
|a 515.93
|b AHL/C
|
| 100 |
0 |
|
|a Ahlfors, Lars V
|
| 245 |
1 |
0 |
|a Complex analysis
|
| 250 |
|
|
|a 3rd ed.
|
| 260 |
|
|
|a Auckland
|b Mc Graw Hill
|c 1979
|
| 300 |
|
|
|a xiv, 331p.
|
| 490 |
0 |
|
|a International series in pure and applied mathematics
|
| 500 |
|
|
|a includes index.
|
| 650 |
|
|
|a Mathematics - Complex analysis
|
| 650 |
0 |
|
|a Analytic Functions
|
| 942 |
|
|
|c BK
|
| 999 |
|
|
|c 9158
|d 9158
|
| 952 |
|
|
|0 0
|1 0
|4 0
|6 515_930000000000000_AHL_C
|7 0
|9 9552
|a KUCL
|b KUCL
|d 2014-05-23
|l 3
|m 2
|o 515.93 AHL/ C
|p 02491
|q 2020-10-12
|r 2020-07-08
|s 2020-07-08
|y BK
|